| 000 | 00477nam a2200157 4500 | ||
|---|---|---|---|
| 001 | 109799 | ||
| 003 | ES-MaACL | ||
| 005 | 20230906184919.0 | ||
| 007 | t| | ||
| 008 | 061121s1979 sp r ||||1| spa d | ||
| 100 | 1 |
_aMuñoz, Berta. _984297 |
|
| 245 | 1 | 3 |
_aLa singularidad: dinamismo de creación personal _b: Un enfoque nuevo de la orientación / _cBerta Muñoz. |
| 260 |
_aMadrid : _bNarcea, _c1979. |
||
| 300 |
_a127 p. ; _c19 cm. |
||
| 852 |
_aES-MaACL _jA-10661 _bR.100012 |
||
| 999 |
_c109799 _d109799 |
||